BIBLIOTECA PODER JUDICIAL
Portal Judicial TDF

Más sobre la obligación de motivar actos administrativos / (Registro nro. 6279)

000 -LEADER
fixed length control field 01209nabaa22002297a 4500
003 - CONTROL NUMBER IDENTIFIER
control field OSt
005 - DATE AND TIME OF LATEST TRANSACTION
control field 20260128224450.0
008 - FIXED-LENGTH DATA ELEMENTS--GENERAL INFORMATION
fixed length control field 190701b xxu||||| |||| 00| 0 spa d
040 ## - CATALOGING SOURCE
Transcribing agency PJ
100 ## - MAIN ENTRY--PERSONAL NAME
9 (RLIN) 6896
Personal name Bonato, Mauro R.
245 10 - TITLE STATEMENT
Title Más sobre la obligación de motivar actos administrativos /
Statement of responsibility, etc Mauro R. Bonato.
300 ## - PHYSICAL DESCRIPTION
Extent p. 44-63
500 ## - GENERAL NOTE
General note Cita: TR LALEY AR/DOC/3276/2024
505 ## - FORMATTED CONTENTS NOTE
Formatted contents note Sumario: I. Introducción.— II. Motivación: concepto e idea.— III. Finalidad de una debida motivación.— IV. Motivación en derecho comparado.— V. Motivación en la Ley Nacional de Procedimientos Administrativos.— VI. Contenido de la motivación.— VII. Ubicación metodológica de la motivación.— VIII. Vicios en la motivación.— IX. A modo de colofón.
505 ## - FORMATTED CONTENTS NOTE
Title ¿Te interesa el texto completo? Comunicate al correo: koha@justierradelfuego.gov.ar
650 #0 - SUBJECT ADDED ENTRY--TOPICAL TERM
9 (RLIN) 211
Topical term or geographic name as entry element DERECHO ADMINISTRATIVO
650 #0 - SUBJECT ADDED ENTRY--TOPICAL TERM
9 (RLIN) 1135
Topical term or geographic name as entry element PROCEDIMIENTO ADMINISTRATIVO
650 #0 - SUBJECT ADDED ENTRY--TOPICAL TERM
9 (RLIN) 1171
Topical term or geographic name as entry element ACTO ADMINISTRATIVO
650 #0 - SUBJECT ADDED ENTRY--TOPICAL TERM
9 (RLIN) 178
Topical term or geographic name as entry element DERECHO CONSTITUCIONAL
773 0# - HOST ITEM ENTRY
Host Biblionumber 2842
Host Itemnumber 3251
Place, publisher, and date of publication Buenos Aires : AbeledoPerrot, 2012-
Other item identifier DA121
Title Derecho administrativo. Nº 157 enero/febrero 2025
International Standard Book Number 18510590
942 ## - ADDED ENTRY ELEMENTS (KOHA)
Source of classification or shelving scheme
Koha item type Analítica Artículo de Revista

No hay ítems disponibles.

12 de Octubre 789 Ushuaia - Tel:  54(02901)441571
Horario de Atención: 8.00 a 17.00 hs. 
bibliotecaush@justierradelfuego.gov.ar
koha@justierradelfuego.gov.ar
Seguinos en nuestras redes @bibliojustdf 

Con tecnología Koha